000 01259cam a22003014a 4500
999 _c41167
_d41167
001 13927297
003 OSt
005 20210702140233.0
008 050412s2005 nyua b 001 0 eng
010 _a 2005047096
020 _a9781107657465
040 _aDLC
_cDLC
_dDLC
042 _apcc
050 0 0 _aQA374
_b.P54 2005
082 0 0 _a515.353
_222
_bPIN/I
100 1 _aPinchover, Yehuda,
_d1953-
_98629
245 1 0 _aIntroduction to partial differential equations /
_cYehuda Pinchover and Jacob Rubinstein.
260 _aNew York :
_bCambridge University Press,
_c2005.
300 _axii, 371 p. :
_bill. ;
_c26 cm.
504 _aIncludes bibliographical references (p. 364-365) and index.
650 0 _aDifferential equations, Partial
_vTextbooks.
700 1 _aRubinstein, Jacob,
_d1955-
856 4 2 _3Publisher description
_uhttp://www.loc.gov/catdir/enhancements/fy0632/2005047096-d.html
856 4 1 _3Table of contents only
_uhttp://www.loc.gov/catdir/enhancements/fy0632/2005047096-t.html
906 _a7
_bcbc
_corignew
_d1
_eocip
_f20
_gy-gencatlg
942 _2ddc
_cBK
_h515.353
_iPIN/I
_k515.353
_mPIN/I